| 000 | 00938nam a2200277 4500 | ||
|---|---|---|---|
| 003 | OSt | ||
| 005 | 20260530113841.0 | ||
| 008 | 260507b1997 fr ||||| |||| 00| 0 eng d | ||
| 020 | _a2 08 013595 3 | ||
| 040 |
_aICI _bSPA _cICI |
||
| 041 | _aENG | ||
| 050 |
_aNK789 _bM87 |
||
| 100 | 1 |
_aMartin Eidelberg _930222 |
|
| 110 | 2 |
_a Musee des arts decoratifs de Montreal _930223 |
|
| 245 | 1 | 0 |
_aDesigned for delight : _balternative aspects of twentieth-century decorative arts / _cedited by Martin Eidelberg |
| 264 | 1 |
_aNew York : _bFlammarion, _c1997. |
|
| 300 | _a320 páginas | ||
| 336 |
_atexto _2rdacontent |
||
| 337 |
_asin medio _2rdamedia |
||
| 338 |
_avolumen _2rdacarrier |
||
| 500 | _aCatalogo de exposicion | ||
| 650 |
_aArtes decorativas _vExposiciones _xHistoria |y Siglo XX _930224 |
||
| 650 |
_aModernismo (Arte) _x Influencia, Exposiciones _930225 |
||
| 700 | 1 |
_aEidelberg, Martin P., _eeditor _92893 |
|
| 942 |
_2lcc _cBK _n1 |
||
| 999 |
_c11122 _d11122 |
||